| 000 | 00598nam a22001817a 4500 | ||
|---|---|---|---|
| 005 | 20180523125104.0 | ||
| 010 | _aENG-123082 | ||
| 020 |
_a9789386582386 _c599.00 |
||
| 035 | _aEN-106614 | ||
| 037 | _bDBAD/PUB | ||
| 082 | _a808.883 | ||
| 100 | _aPaul, Janice Campbell | ||
| 245 |
_aThe secret wife : _cby Janice Campbell Paul _bmemoirs of an american missionary in india and nepal / |
||
| 260 |
_aNew Delhi _bSpeaking Tiger Publishing _c2017 |
||
| 270 |
_a4381/4, Ansari Road, Daryaganj, _bNew Delhi _e110002 |
||
| 300 |
_a352p. _c22cm.(pbk) |
||
| 942 |
_2ddc _cEN _h808.883 _mPAU |
||
| 999 |
_c152222 _d152222 |
||